000
00276nam a22001097a 4500
008
170106b xxu||||| |||| 00| 0 eng d
020
_a
9780838555958
041
_a
eng
080
_2
4TH
_a
618.2
245
_a
LABORATORY TESTS&DIAGNOSTIC PROCEDURES
_c
CORBETT, J.V
942
_2
udc
_c
BK
999
_c
2596
_d
2596